| 000 | 00704nam a2200145Ia 4500 | ||
|---|---|---|---|
| 008 | 150609s9999 xx 000 0 und d | ||
| 050 |
_aQK 861 _b.B942 2015 |
||
| 100 | _aBunag, Noreen Leigh S. | ||
| 245 | 3 |
_aAn in vitro study of the antibacterial effectiveness of raphanus sativus linn (radish) crude extract against vibrio parahaemolyticus / _cNoreen Leigh S. Bunag, Mae Den C. Culla, Vanessa F. Gazzingan, Kayla Marie C. Hynson, Lara Mae P. Llantero, James Albert E. Martinez. |
|
| 260 |
_aLas PiƱas, Philippines : _bSISC, _c2015. |
||
| 300 |
_a75 pages : _bcolor illustrations ; _c28 cm. |
||
| 500 | _aIncludes bibliographical references and appendices. | ||
| 650 | _aRadish | ||
| 650 | _aVegetable | ||
| 999 |
_c285029 _d285029 |
||